MARC details
| 000 -CABECERA |
| campo de control de longitud fija |
01187nam a22002531a 4500 |
| 001 - NÚMERO DE CONTROL |
| campo de control |
000019985 |
| 005 - FECHA Y HORA DE LA ÚLTIMA TRANSACCIÓN |
| campo de control |
20200929170222.0 |
| 008 - DATOS DE LONGITUD FIJA--INFORMACIÓN GENERAL |
| campo de control de longitud fija |
740315s1969 es 001 e spa |
| 040 ## - FUENTE DE LA CATALOGACIÓN |
| Centro catalogador/agencia de origen |
DO-SdBNP |
| Lengua de catalogación |
spa |
| Centro/agencia transcriptor |
BNPHU |
| 082 ## - NÚMERO DE LA CLASIFICACIÓN DECIMAL DEWEY |
| Número de clasificación |
701.17 |
| Número de documento/Ítem |
E79m |
| 245 00 - MENCIÓN DE TÍTULO |
| Título |
Estética y marxismo / |
| Mención de responsabilidad, etc. |
Traducción de Silvio Sastre. |
| 260 ## - PUBLICACIÓN, DISTRIBUCIÓN, ETC. |
| Lugar de publicación, distribución, etc. |
Barcelona : |
| Nombre del editor, distribuidor, etc. |
Ediciones Martínez Roca, |
| Fecha de publicación, distribución, etc. |
1969. |
| 300 ## - DESCRIPCIÓN FÍSICA |
| Extensión |
135 p ; |
| Dimensiones |
20 cm. |
| 490 0# - MENCIÓN DE SERIE |
| Mención de serie |
Novocurso |
| 504 ## - NOTA DE BIBLIOGRAFÍA, ETC. |
| Nota de bibliografía, etc. |
Bibliografía y notas al pie de páginas. |
| 505 0# - NOTA DE CONTENIDO CON FORMATO |
| Información miscelánea |
Nota preliminar -- |
| Título |
Materialismo filosófico y realismo artístico / |
| Mención de responsabilidad |
Pierre Abraham, Roger Garaudy, André Gisselbrecht -- |
| Título |
Realismo y dogmatismo / |
| Mención de responsabilidad |
Louis Aragón -- |
| Título |
Coloquio sobre la noción de "decadencia" / |
| Mención de responsabilidad |
Jean-Paul Sartre ...[et. al] -- |
| Título |
Objetividad del valor artístico / |
| Mención de responsabilidad |
Marcel Breazu -- |
| Título |
Prosa y poesía en el cine / |
| Mención de responsabilidad |
Efim Dobin. |
| 590 ## - NOTA LOCAL (RLIN) |
| Nota local |
Inventariado, 2020/BT |
| 650 #4 - PUNTO DE ACCESO ADICIONAL DE MATERIA--TÉRMINO DE MATERIA |
| Término de materia o nombre geográfico como elemento de entrada |
Estética |
| Subdivisión general |
Ensayos, conferencias, etc |
| 9 (RLIN) |
20800 |
| 650 #4 - PUNTO DE ACCESO ADICIONAL DE MATERIA--TÉRMINO DE MATERIA |
| Término de materia o nombre geográfico como elemento de entrada |
Marxismo |
| Subdivisión general |
Ensayos, conferencias, etc |
| 9 (RLIN) |
36397 |
| 650 #4 - PUNTO DE ACCESO ADICIONAL DE MATERIA--TÉRMINO DE MATERIA |
| Término de materia o nombre geográfico como elemento de entrada |
Cine |
| Subdivisión general |
Estética |
| -- |
Ensayos, conferencias, etc |
| 9 (RLIN) |
42588 |
| 700 12 - PUNTO DE ACCESO ADICIONAL--NOMBRE DE PERSONA |
| Nombre de persona |
Sastre, Silvio, |
| Término indicativo de función/relación |
tr. |
| 9 (RLIN) |
42589 |
| 830 #0 - PUNTO DE ACCESO ADICIONAL DE SERIE-TÍTULO UNIFORME |
| Título uniforme |
Novocurso |
| 9 (RLIN) |
42590 |
| 910 ## - DATOS DE OPCIÓN DEL USUARIO (OCLC) |
| Datos de opción del usuario |
Validado. Control de la calidad EMS. |